000 00267nam a22001217a 4500
008 170821b xxu||||| |||| 00| 0 eng d
041 _aeng
080 _22ND
_a51
100 _a37
101 _aMAT
245 _aMODERN COLLEGE ALGEBRA
_cVANCE,E.P
942 _2udc
_cBK
999 _c24220
_d24220